Improving Efficiency in a Manufacturing Company using the InMotion Process
InMotion proces je určite jednou z možností, ktoré zvyšujú efektívnosť. Na základe výsledkov, získaných z uskutočnenej analýzy, je možné preukázať, že InMotion proces je efektívnejší, ako súčasný proces fixácie operátorov. Realizácia merania časov výrobného procesu na jednotlivých montážnych stanici...
Salvato in:
| Autore principale: | |
|---|---|
| Altri autori: | , , , , |
| Natura: | Capitolo di libro |
| Lingua: | inglese |
| Soggetti: | |
| Tags: |
Nessun Tag, puoi essere il primo ad aggiungerne!!
|
MARC
| LEADER | 00000naa a2200000 4500 | ||
|---|---|---|---|
| 001 | 0257117 | ||
| 005 | 20240502083731.2 | ||
| 041 | 0 | |a eng | |
| 044 | |a RO | ||
| 245 | 1 | 0 | |a Improving Efficiency in a Manufacturing Company using the InMotion Process |c Martin Bosák, Lenka Štofová, Petra Szaryszová, Alexander Tarča, Jaroslav Dugas, Katarína Klapáková |
| 520 | |a InMotion proces je určite jednou z možností, ktoré zvyšujú efektívnosť. Na základe výsledkov, získaných z uskutočnenej analýzy, je možné preukázať, že InMotion proces je efektívnejší, ako súčasný proces fixácie operátorov. Realizácia merania časov výrobného procesu na jednotlivých montážnych staniciach vybraného podniku Kuruma. | ||
| 610 | 2 | 0 | |a efektívnosť |
| 610 | 2 | 0 | |a manažment produktový |
| 610 | 2 | 0 | |a manufaktúry |
| 100 | 1 | |a Bosák, Martin, 1967- | |
| 700 | 1 | |a Štofová, Lenka, 1989- | |
| 700 | 1 | |a Szaryszová, Petra, 1984- | |
| 700 | 1 | |a Tarča, Alexander | |
| 700 | 1 | |a Dugas, Jaroslav, 1967- | |
| 700 | 1 | |a Klapáková, Katarína | |